000
00328nam a2200157Ia 4500
100
_a
Santhanam/Vijay
650
_a
Fiction
942
_c
BK
366
_f
20
245
_a
If cricket is a religion
260
_b
Harper collins
_c
2009
082
_a
808.8
_b
SAN
300
_a
204
546
_a
ENGLISH
_c
Computers
999
_c
34869
_d
34869